000 00284nam a2200109Ia 4500
008 200302s9999 xx 000 0 und d
100 _aA. Ravindra
245 _aUrban Land Policy A Metropolitan Perspective
260 _bConcept Publishing Co. Ltd.
260 _c1996
300 _a197 P.,
999 _c5543
_d5543